| 000 | 00621nam a2200205Ia 4500 | ||
|---|---|---|---|
| 003 | IN-BaIIA | ||
| 008 | 211028s9999 xx 000 0 eng d | ||
| 020 | _a0-7188-2087-8 | ||
| 040 | _cIIA Library | ||
| 080 |
_a92:52 _bBUT |
||
| 100 |
_aButtmann, G _910123 |
||
| 245 | 4 |
_aThe shadow of the telescope _ba biography of John Herschel _cG. Buttmann |
|
| 260 |
_aLondon _bLutterworth Press _c1970 |
||
| 300 | _a219p. | ||
| 650 |
_abiography _91224 |
||
| 650 |
_aBiography-J Herschel _96178 |
||
| 650 |
_aJ Herschel Biography _96179 |
||
| 650 | _aNASA Thesaurus | ||
| 942 | _cBK | ||
| 999 |
_c5846 _d5846 |
||